000 00851cam a22002777a 4500
003 CHAP
005 20220329142402.0
008 001024d1992 us b r 00110 eng d
010 _a82724
011 _a83696
035 _a94211
040 _cCHAP
090 _aFolleto 15695
110 0 _aE.U.A. Forest Service
_934933
245 1 0 _aForest service global change research program
_c/by Forest Service
260 _aWashington, D.C. :
_bForest Service,
_c1992
300 _a34 p. :
_bmapa ; diagrama
590 _aBATCH-UPD
_b10
_c20130410
_lUCH01
_h0957
590 _aBATCH-UPD
_b10
_c20130914
_lUCH01
_h0721
590 _aCONVERSION
_b10
_c20130109
_lUCH01
_h1346
650 1 4 _aBosques
_xInvestigación
_xE.U.A.
_914290
901 _aBK
905 _aMarco A. Mendoza t.
942 _cFOLL
949 _aFolleto 15695
_bBC
_cFOLL
_d942111
_eTS1
_i94211
_sb
999 _c82724
_d82724